Online Catalogue and eLibrary

The Eighteenth Amendment to the Constitution : (Record no. 5730)

MARC details
000 -LEADER
fixed length control field 00470nam a2200169Ia 4500
005 - DATE AND TIME OF LATEST TRANSACTION
control field 20240603061500.0
008 - FIXED-LENGTH DATA ELEMENTS--GENERAL INFORMATION
fixed length control field 240331s9999 xx 000 0 und d
082 ## - DDC Classification
Item Number - Author Mark EIG
Class No. 342
245 #4 - TITLE STATEMENT
Title The Eighteenth Amendment to the Constitution :
Remainder of title Substance and Process
260 ## - PUBLICATION, DISTRIBUTION, ETC.
Place of publication, distribution, etc. Colombo
Name of publisher, distributor, etc. Globe Printing Works ( Pvt) Ltd
300 ## - PHYSICAL DESCRIPTION
Extent (e.g. Volumes, Pages etc.) 188 p.,
650 ## - SUBJECT ADDED ENTRY--TOPICAL TERM
Topical term or geographic name entry element Laws
650 ## - SUBJECT ADDED ENTRY--TOPICAL TERM
Topical term or geographic name entry element Human Rights
700 ## - ADDED ENTRY--PERSONAL NAME
Personal name Edrisinha, Rohan
Relator term (Role) Editor
700 ## - ADDED ENTRY--PERSONAL NAME
Personal name Jayakody, Aruni
Relator term (Role) Editor
942 ## - Koha item type (Biblio)
Koha item type Books in Stacks (Lending)
Holdings
Lost status Damaged status Collection code Home library Current library Shelving location Date acquired Full call number Accession Number Item type
    Lending WERC Library WERC Library Social Science Cupboard 03/31/2024 342 EIG 6645 Books in Stacks (Lending)

© WERC Library